000 00857nam a22002777a 4500
003 CHAP
005 20220329134042.0
008 971013s1968 r 00010 d
010 _a14692
011 _a15664
035 _a19740
040 _cCHAP
090 _aFolleto 959
100 0 0 _aHernández Tobías, Sergio.
_954664
245 _aRefugio de aves acuáticas migratorias, Isla Rasa, B.C.
260 _aMéxico, D.F. :
_bDirección General de la Fauna Silvestre,
_c1968
300 _a23 h.
_b: ilus.
590 _aBATCH-UPD
_b10
_c20130110
_lUCH01
_h1759
590 _aBATCH-UPD
_b10
_c20130410
_lUCH01
_h1135
590 _aBATCH-UPD
_b10
_c20130914
_lUCH01
_h0439
590 _aCONVERSION
_b10
_c20130109
_lUCH01
_h1309
650 1 4 _aAves acuáticas.
_98631
901 _aBK
942 _cFOLL
949 _aFolleto 959
_bBC
_cFOLL
_d-46050
_eTS1
_i19740
_si
999 _c14692
_d14692